The C Programming Language/ (Record no. 178581)

MARC details
000 -LEADER
fixed length control field 00701nam a22002057a 4500
005 - DATE AND TIME OF LATEST TRANSACTION
control field 20210407121150.0
010 ## - LCCN (DPL NO)
LC control number ENG-129382
020 ## - INTERNATIONAL STANDARD BOOK NUMBER
Terms of availability 440.00
International Standard Book Number 978-93-325-4944-9
035 ## - SYSTEM CONTROL NUMBER
System control number EN-112914
037 ## - SOURCE OF ACQUISITION
Source of stock number/acquisition DBAD/PUB
082 ## - DEWEY DECIMAL CLASSIFICATION NUMBER
Classification number 005.133
100 ## - MAIN ENTRY--PERSONAL NAME
Personal name Kernighan, Brian W.
245 ## - TITLE STATEMENT
Title The C Programming Language/
Remainder of title Brian W. Kernighan, and Dennis M. Ritchie
250 ## - EDITION STATEMENT
Edition statement 2nd
260 ## - PUBLICATION, DISTRIBUTION, ETC. (IMPRINT)
Place of publication, distribution, etc Noida
Name of publisher, distributor, etc Pearson
Date of publication, distribution, etc 2021
270 ## - ADDRESS
Address 15th floor,Tower-B,Word Trade Tower,Plot no.1,Block-C sec 16,
City Noida
Postal code 201301
Telephone number 04466540100
Electronic mail address companysecretary.india@pearson.com
300 ## - PHYSICAL DESCRIPTION
Extent xii+272.
Dimensions 23cm(pbk)
Other physical details including index.
700 ## - ADDED ENTRY--PERSONAL NAME
Personal name Ritchie, Dennis M.
942 ## - ADDED ENTRY ELEMENTS (KOHA)
Source of classification or shelving scheme Dewey Decimal Classification
Item type English Books
Classification part 005.133
Call number suffix KER
Holdings
Withdrawn status Lost status Not for loan Collection code Home library Current library Date acquired Source of acquisition Cost, normal purchase price Full call number Barcode Copy number Cost, replacement price Koha item type
      Non-fiction Central Library Central Library 07/04/2021 DBAD/PUB 440.00 005.133 KER EN-112914 1 440.00 English Books

© Delhi Public Library
Hit Counter
free hit counter